Statistics for Top 15 Countries with Covid-19 Cases - 29 December 2021

Click here to take the quiz!

General Stats

  • This quiz has been taken 28 times
  • The average score is 17 of 28

Answer Stats

country% Correct
United States
100%
Brazil
96%
India
96%
United Kingdom
96%
France
93%
Spain
93%
Italy
86%
Russia
86%
Germany
82%
Argentina
79%
Iran
75%
Indonesia
68%
Turkey
68%
Poland
64%
Colombia
61%
Belgium
57%
Netherlands
54%
Slovakia
50%
Czechia
39%
Israel
39%
Serbia
39%
Slovenia
39%
Croatia
32%
Estonia
29%
Latvia
29%
Lithuania
29%
Bahrain
14%
Georgia
14%

Score Distribution

Percentile by Number Answered

Percent of People with Each Score

Your Score History

You have not taken this quiz